[Event "2nd Livigno Open A"]
[Site "Livigno ITA"]
[Date "2011.09.15"]
[Round "6.6"]
[White "Mareco,S"]
[Black "Stella,A"]
[Result "1/2-1/2"]
[WhiteElo "2597"]
[BlackElo "2447"]

1.d4 Nf6 2.c4 g6 3.Nc3 d5 4.cxd5 Nxd5 5.e4 Nxc3 6.bxc3 Bg7 7.Bc4 c5 8.Ne2 Nc6
9.Be3 O-O 10.O-O Na5 11.Bd3 b6 12.Rc1 e5 13.dxc5 Be6 14.c4 bxc5 15.Bxc5 Bh6
16.Rc2 Re8 17.Nc3 Nxc4 18.Nd5 Bxd5 19.exd5 Nd6 20.Re1 e4 21.Bf1 Qd7 22.Rce2 Re5
23.Bxd6 Qxd6 24.Rxe4  1/2-1/2

[Event "4th Mumbai Mayors Cup"]
[Site "Mumbai IND"]
[Date "2011.09.16"]
[Round "1"]
[White "Campi,W"]
[Black "Deepan,C"]
[Result "0-1"]
[WhiteElo "1804"]
[BlackElo "2470"]

1.d4 Nf6 2.c4 g6 3.Nc3 d5 4.cxd5 Nxd5 5.e4 Nxc3 6.bxc3 Bg7 7.Bb5+ Nd7 8.Nf3 O-O
9.O-O a6 10.Be2 c5 11.Be3 Qc7 12.a4 b6 13.Rb1 Bb7 14.Nd2 Rac8 15.Qb3 cxd4
16.cxd4 Qc2 17.Bd3 Qxb3 18.Rxb3 e6 19.f3 Rc6 20.Nc4 Rfc8 21.Nd2 Rc3 22.Rfb1 f5
23.e5 Rxb3 24.Rxb3 Bd5 25.Ra3 Bf8 26.Bxa6 Rc1+  0-1

[Event "ch-Euro Youth b16"]
[Site "Albena BUL"]
[Date "2011.09.17"]
[Round "6.14"]
[White "Mindlin,A"]
[Black "Giroyan,G"]
[Result "0-1"]
[WhiteElo "2175"]
[BlackElo "2318"]

1.d4 Nf6 2.c4 g6 3.Nc3 d5 4.cxd5 Nxd5 5.e4 Nxc3 6.bxc3 Bg7 7.Bc4 c5 8.Be3 Nc6
9.Ne2 O-O 10.O-O Bg4 11.f3 Bd7 12.Rb1 Na5 13.Bd3 a6 14.d5 Rc8 15.Qd2 b5 16.Bh6 e6
17.Bxg7 Kxg7 18.c4 exd5 19.exd5 Nxc4 20.Bxc4 bxc4 21.Qc3+ Kg8 22.Nf4 Bf5
23.Rbd1 Qd6 24.g3 Rb8 25.Rfe1 Rfe8 26.Qxc4 Rec8 27.Re2 h5 28.Rde1 Bd7 29.Re7 Rb4
30.Qc3 Rd4 31.Qe3 Bf5 32.Rb7 Rxd5 33.Nxd5 Qxd5 34.Rb2 c4 35.Qc3 Bd3 36.Kg2 Rd8
37.Rd2 Qd6 38.Red1 Qe6 39.Rf2 h4 40.Re1 h3+ 41.Kg1 Qb6 42.f4 Rb8 43.f5 gxf5
44.Qd2 Rc8 45.Qg5+ Qg6 46.Qe3 Rc6 47.Qd4 Qf6 48.Qd5 Re6 49.Rd1 Kg7 50.Qf3 Qd4
51.Qh5 Qe3 52.Qh4 Qe1+ 53.Rf1 Qe3+ 54.Rf2 c3 55.Qf4 Qxf4 56.Rxf4 c2 57.Rc1 Rb6
58.Kf2 Rb1 59.Ke3 Rxc1 60.Kxd3 Rh1  0-1

[Event "ch-Euro Youth g18"]
[Site "Albena BUL"]
[Date "2011.09.20"]
[Round "9.2"]
[White "Arabidze,M"]
[Black "Guliyeva,S"]
[Result "1-0"]
[WhiteElo "2332"]
[BlackElo "2007"]

1.d4 Nf6 2.c4 g6 3.Nc3 d5 4.cxd5 Nxd5 5.e4 Nxc3 6.bxc3 Bg7 7.Be3 c5 8.Qd2 Qa5
9.Rb1 cxd4 10.cxd4 Qxd2+ 11.Kxd2 b6 12.Nf3 O-O 13.Bd3 Ba6 14.Rhc1 Bxd3 15.Kxd3 Na6
16.a3 Rfd8 17.Ke2 Rd7 18.g4 Rad8 19.h4 h6 20.Rc6 Nc7 21.a4 Ne8 22.Rbc1 e6
23.Rc8 Kf8 24.Ne5 Rxd4 25.Bxd4 Rxd4 26.Nc6 Rxe4+ 27.Kf3 Rxa4 28.g5 hxg5 29.hxg5 Ra3+
30.Kg2 Rc3 31.Rd1 Rxc6 32.Rxc6 Ke7 33.f4 Bh8 34.Kf3 Bg7 35.Rd2 Bh8 36.Rc8 Bg7
37.Rcd8 e5 38.fxe5 Bxe5 39.R2d7+ Ke6 40.Rxe8+ Kxd7 41.Rxe5 a5 42.Ke4 Kd6
43.Kd4 a4 44.Re3 b5 45.Kc3 a3 46.Kb3 b4 47.Re2 Kc5 48.Rf2 Kd4 49.Rxf7  1-0

[Event "4th Mumbai Mayors Cup"]
[Site "Mumbai IND"]
[Date "2011.09.20"]
[Round "6"]
[White "Deepan,C"]
[Black "Maheswaran,P"]
[Result "1/2-1/2"]
[WhiteElo "2470"]
[BlackElo "2289"]

1.d4 Nf6 2.c4 g6 3.Nc3 d5 4.cxd5 Nxd5 5.e4 Nxc3 6.bxc3 Bg7 7.Bc4 c5 8.Ne2 O-O
9.Be3 Nc6 10.Qd2 Na5 11.Bd3 b6 12.h4 h5 13.Bh6 Bxh6 14.Qxh6 cxd4 15.cxd4 e5
16.f4 exf4 17.Qxf4 Bg4 18.d5 Nb7 19.O-O Nc5 20.Bc4 b5 21.Bxb5 Qb6 22.Nd4 Ne6
23.dxe6 Qxd4+ 24.Kh1 Bxe6 25.Bc6 Rad8 26.a4 Qd6  1/2-1/2

[Event "Caissa GM Sept 2011"]
[Site "Kecskemet HUN"]
[Date "2011.09.23"]
[Round "7.5"]
[White "Brown,An"]
[Black "Kislik,E"]
[Result "1/2-1/2"]
[WhiteElo "2216"]
[BlackElo "2320"]

1.d4 Nf6 2.c4 g6 3.Nc3 d5 4.cxd5 Nxd5 5.e4 Nxc3 6.bxc3 Bg7 7.Bb5+ c6 8.Ba4 O-O
9.Ne2 b5 10.Bb3 Nd7 11.Bg5 a5 12.a3 c5 13.O-O Bb7 14.f3 Re8 15.Rb1 Qc7 16.Qd2 e6
17.h4 Nb6 18.h5 Nc4 19.Bxc4 bxc4 20.hxg6 fxg6 21.Bh6 Bxh6 22.Qxh6 cxd4 23.cxd4 Ba6
24.Rfc1 Rab8 25.Rxb8 Rxb8 26.Qf4 Qxf4 27.Nxf4 Kf7 28.Rc3 Ke7 29.Kf2 Rb2+
30.Ne2 Bb5 31.Ke3 Ba4 32.Nc1 Bb3 33.a4 Bxa4 34.Rxc4 Bd7 35.g3 a4 36.Rc7 Kd8
37.Ra7 Kc8 38.Nd3 Rb3 39.Kd2 Bb5 40.Nc5 Rxf3 41.Ra5 Bc6 42.Ra6 Bb5 43.Rb6 Bd7
44.Rb7 Bc6 45.Rxh7 a3 46.Ra7 Rxg3 47.Kc2 Rg4 48.Kd3 Rg3+ 49.Kc4 Re3 50.d5 exd5+
51.exd5 Bxd5+ 52.Kxd5 g5 53.Kd6 Kb8 54.Rb7+ Ka8 55.Rb4 Rc3 56.Kc6 Ka7 57.Rb5 a2
58.Ra5+ Kb8 59.Rxa2 Rc1 60.Ra4 Rc2 61.Rg4 Kc8 62.Rxg5 Kd8 63.Rd5+  1/2-1/2

[Event "TCh-MNE 2nd League"]
[Site "Andrijevica MNE"]
[Date "2011.09.24"]
[Round "6"]
[White "Stojanovic,Neb"]
[Black "Rasovic,U"]
[Result "0-1"]
[WhiteElo "1942"]
[BlackElo "1957"]

1.d4 Nf6 2.c4 g6 3.Nc3 d5 4.cxd5 Nxd5 5.e4 Nxc3 6.bxc3 Bg7 7.Be3 c5 8.Nf3 Qa5
9.Bd2 O-O 10.Qb3 Qc7 11.Be2 Bg4 12.e5 Nc6 13.Rc1 Qd7 14.Be3 Bxf3 15.Bxf3 cxd4
16.cxd4 Nxd4 17.Bxd4 Qxd4 18.O-O Bxe5 19.Qxb7 Rab8 20.Qxe7 Rfe8 21.Qa3 Rb2
22.Rcd1 Qb6 23.Bd5 Bd4 24.Qf3 Re7 25.Bb3 Qb4 26.h3 Qb6 27.h4 Kg7 28.Qf4 Be5
29.Qf3 Qf6 30.Qxf6+ Kxf6 31.Rd3 Bc7 32.Rf3+ Kg7 33.g3 Bb6 34.Kg2 Rd2 35.Rd1 Rxd1
36.Bxd1 f5 37.Rd3 Kf6 38.h5 Bc5 39.Rd5 Bb6 40.Rd3 Bc5 41.g4 fxg4 42.Bxg4 Rg7
43.hxg6 Rxg6 44.Kf3 Ke5 45.Rd2 a5 46.Re2+ Kd4 47.Bd7 Rg7 48.Bb5 Kd5 49.a4 h5
50.Rd2+ Bd4 51.Kf4 Rg4+ 52.Kf5 Rg2 53.Bf1 Rg1 54.Ba6 h4 55.f4 Rg8 56.Rh2 Rh8
57.Kg6 Rb8 58.Bb5 Rb6+ 59.Kf5 Rh6 60.Kg5 Rh8 61.f5 Rg8+ 62.Kxh4 Rh8+  0-1

[Event "TCh-HUN 2011-12"]
[Site "Decs HUN"]
[Date "2011.09.25"]
[Round "1"]
[White "Toth,E"]
[Black "Liptay,L"]
[Result "1-0"]
[WhiteElo "2472"]
[BlackElo "2335"]

1.d4 Nf6 2.c4 g6 3.Nc3 d5 4.cxd5 Nxd5 5.e4 Nxc3 6.bxc3 Bg7 7.Qa4+ Bd7 8.Qa3 O-O
9.Bg5 f6 10.Bh4 e5 11.Bc4+ Kh8 12.Ne2 exd4 13.cxd4 c5 14.O-O Qe8 15.Bg3 Qxe4
16.Bd6 Rc8 17.Bd3 Qe8 18.dxc5 Nc6 19.Rab1 b6 20.Ba6 Rd8 21.Nf4 Bf5 22.Rbd1 Qf7
23.Qb3 Qxb3 24.axb3 Bc8 25.Bb5 Bb7 26.Ne6 Rg8 27.Nc7 Rac8 28.Bc4 Rgd8 29.Be6 Rb8
30.Nd5 Ra8 31.Nc7 Rab8 32.Nd5 Ra8 33.Bc7 Re8 34.Bd7 Re4 35.cxb6 axb6 36.Nxb6 Ra3
37.Nc4 Rxb3 38.Nd2 Rbb4 39.Nxe4 Rxe4 40.Rb1 Re7 41.Rfd1 Ba8 42.Rb6 Nd4 43.Rb8+ Bf8
44.Rxf8+ Kg7 45.Rxa8 Rxd7 46.Rd8  1-0

[Event "34th OFSz Mayor's Cup"]
[Site "Zabrze POL"]
[Date "2011.09.25"]
[Round "4.9"]
[White "Gora,Tomasz"]
[Black "Czornik,J"]
[Result "1/2-1/2"]
[WhiteElo "1849"]
[BlackElo "1838"]

1.d4 Nf6 2.c4 g6 3.Nc3 d5 4.cxd5 Nxd5 5.e4 Nxc3 6.bxc3 Bg7 7.Bc4 O-O 8.Ne2 c5
9.O-O Nc6 10.Be3 Bg4 11.f3 Na5 12.Bd3 cxd4 13.cxd4 Be6 14.Qd2 Nc4 15.Bxc4 Bxc4
16.Rac1 Bxe2 17.Qxe2 Bxd4 18.Rfd1 Bxe3+ 19.Qxe3 Qb6 20.Qxb6 axb6 21.Rc7 Rxa2
22.Rxb7 Rc8 23.Kh1 Rcc2 24.Rg1 Rab2 25.Rxe7 b5 26.h4 Rf2 27.Rb7 b4 28.Kh2 Rxf3
29.Rxb4 Rh3+ 30.Kxh3 Rxb4  1/2-1/2

[Event "Arab Elite Championship 2011"]
[Site "Dubai UAE"]
[Date "2011.09.28"]
[Round "5"]
[White "Khader,Sam"]
[Black "Salem,AR"]
[Result "0-1"]
[WhiteElo "2416"]
[BlackElo "2489"]

1.d4 Nf6 2.c4 g6 3.Nc3 d5 4.cxd5 Nxd5 5.e4 Nxc3 6.bxc3 Bg7 7.Bc4 O-O 8.Ne2 Nc6
9.O-O e5 10.Ba3 Re8 11.Bxf7+ Kxf7 12.Qb3+ Be6 13.d5 Na5 14.dxe6+ Rxe6 15.Qa4 c6
16.Rad1 Qc7 17.Rd3 b5 18.Qd1 Kg8 19.Rd7 Qc8 20.f4 exf4 21.Rxf4 Rf6 22.Be7 Rxf4
23.Rd8+ Qxd8 24.Bxd8 Rxe4 25.Bxa5 Rae8 26.Qb3+ Kh8 27.Ng3 Re1+ 28.Kf2 R1e6
29.h4 Rf8+ 30.Kg1 Re1+ 31.Kh2 Rf4 32.Bd8 Be5 33.Kh3 Re3 34.Qe6 Rf8 35.Bc7 Rxg3+
36.Kh2 Bxc7 37.Qe7 Rg4+ 38.Qxc7 Rxh4+ 39.Kg1 Rc4 40.Qe5+ Kg8 41.Qe6+ Rf7
42.Qe8+ Kg7 43.Qe5+ Kf8 44.Qb8+ Kg7 45.Qe5+ Kh6 46.Qh2+ Kg5 47.Qe5+ Rf5 48.Qg3+ Rg4
49.Qe3+ Kf6 50.Qe8 Rc4 51.Qh8+ Kg5 52.Qxh7 Re5 53.Qh3 Re2 54.Qd3 Re1+ 55.Kf2 Re5
56.Kg1 Rd5 57.Qe3+ Kf6 58.Qf2+ Rf5 59.Qd2 a6 60.Qd6+ Kg5 61.Qg3+ Kh6 62.Qh2+ Rh5
63.Qb8 Rhc5 64.Qh8+ Kg5 65.Qd8+ Kf5 66.Qd3+ Kf6 67.Qd6+ Kf5 68.Qd3+ Ke5 69.Qg3+ Kf6
70.Qd6+ Kg7 71.Qe7+ Kh6 72.Qe3+ Rg5 73.Qh3+ Kg7 74.Qd7+ Kf6 75.Qd6+ Kf5 76.Qd7+ Ke4
77.Qd2 Rg3 78.Qc2+ Rd3 79.Qe2+ Re3 80.Qc2+ Ke5 81.Qxg6 Rcxc3 82.Qg7+ Ke4
83.Qh7+ Kd4 84.Qa7+ Kd5 85.Qxa6 Re2 86.a4 Ra2 87.Qa5 Rcc2 88.Qd8+ Kc4 89.Qh4+ Kb3
90.axb5 Rxg2+ 91.Kf1 Rgc2 92.Qg3+ Kb2 93.Qe5+ Kb1 94.Qe4 cxb5 95.Qd3 Ra1
96.Qb3+ Rb2  0-1

[Event "US Chess League 2011"]
[Site "ICC INT"]
[Date "2011.09.28"]
[Round "5"]
[White "Smith,Shaun M"]
[Black "Gershenov,B"]
[Result "1/2-1/2"]
[WhiteElo "1927"]
[BlackElo "2173"]

1.d4 Nf6 2.c4 g6 3.Nc3 d5 4.cxd5 Nxd5 5.e4 Nxc3 6.bxc3 Bg7 7.Bd3 c5 8.Ne2 cxd4
9.cxd4 O-O 10.Be3 Nc6 11.Bc4 Qa5+ 12.Bd2 Qa3 13.Rb1 Nxd4 14.Bb4 Qf3 15.O-O Qxe4
16.Nxd4 Qxd4 17.Qxd4 Bxd4 18.Bxe7 Re8 19.Rfe1 Be6 20.Bxe6 Rxe7 21.Bd5 Rae8
22.Kf1 Bb6 23.Bxb7 Rxe1+ 24.Rxe1 Rd8 25.g3 Ba5 26.Re2  1/2-1/2

[Event "16th ECC w"]
[Site "Rogaska Slatina SLO"]
[Date "2011.09.29"]
[Round "5.1"]
[White "Javakhishvili,L"]
[Black "Cmilyte,V"]
[Result "1/2-1/2"]
[WhiteElo "2464"]
[BlackElo "2525"]

1.d4 Nf6 2.c4 g6 3.Nc3 d5 4.cxd5 Nxd5 5.e4 Nxc3 6.bxc3 Bg7 7.Be3 c5 8.Nf3 Qa5
9.Qd2 Nc6 10.Rb1 a6 11.Rc1 Bg4 12.d5 Rd8 13.Bh6 Bxh6 14.Qxh6 Bxf3 15.gxf3 Nd4
16.Bg2 e6 17.Qd2 Nc6 18.Qe3 Ne5 19.O-O O-O 20.c4 Nd7 21.f4 b5 22.f5 gxf5
23.exf5 exf5 24.Kh1 Qb6 25.Rg1 Kh8 26.Qc3+ Qf6 27.Qxf6+ Nxf6 28.cxb5 axb5
29.Rxc5 b4 30.Rd1 Rfe8 31.d6 Re6 32.Rxf5 Rexd6 33.Rxd6 Rxd6 34.Bf3  1/2-1/2

[Event "US Chess League 2011"]
[Site "ICC INT"]
[Date "2011.10.03"]
[Round "6"]
[White "Kavutskiy,K"]
[Black "Matlin,A"]
[Result "1-0"]
[WhiteElo "2268"]
[BlackElo "1989"]

1.d4 Nf6 2.c4 g6 3.Nc3 d5 4.cxd5 Nxd5 5.e4 Nxc3 6.bxc3 Bg7 7.Nf3 c5 8.Rb1 O-O
9.Be2 Nc6 10.d5 Ne5 11.Nxe5 Bxe5 12.Qd2 e6 13.f4 Bc7 14.O-O exd5 15.exd5 Ba5
16.d6 b6 17.Bb2 Bf5 18.Rbd1 Qd7 19.Bf3 Rad8 20.Rfe1 Rfe8 21.h3 h5 22.Kh2 Rxe1
23.Rxe1 Be6 24.Rd1 Kh7 25.Qe2 Re8 26.Bxh5 c4 27.Bf3 Bxh3 28.Qxc4 Be6 29.Qd4 Rh8
30.c4 Kg8+ 31.Qxh8+  1-0

[Event "World Amateur Chess Championship"]
[Site "Antalya TUR"]
[Date "2011.10.04"]
[Round "4"]
[White "Vivek,M"]
[Black "Hasan,Maa"]
[Result "1/2-1/2"]
[WhiteElo "1882"]
[BlackElo "1998"]

1.d4 Nf6 2.c4 g6 3.Nc3 d5 4.cxd5 Nxd5 5.e4 Nxc3 6.bxc3 Bg7 7.Bc4 c5 8.Ne2 Nc6
9.Be3 O-O 10.O-O Bg4 11.f3 Bd7 12.dxc5 Qc7 13.Qc2 Ne5 14.Bb3 Bb5 15.Rfd1 Nd7
16.Nd4 Ba6 17.c6 bxc6 18.Ne6 fxe6 19.Bxe6+ Kh8 20.Rxd7 Qa5 21.Rxe7 Bxc3 22.Rc1 Bf6
23.Rxa7 Rxa7 24.Bxa7 Rd8 25.Be3 Qa3 26.Bc5 Qa5 27.Be3 Qa3 28.Qc5 Qd3 29.Bb3 Qe2
30.Bg5 Qb2 31.Bxf6+ Qxf6 32.Qxc6 Qd4+ 33.Kh1 Rc8 34.Qxc8+ Bxc8 35.Rxc8+ Kg7
36.h3 h5 37.Rc4 Qa1+ 38.Kh2 h4 39.Rc7+ Kh6 40.Rc2 Kg5 41.e5 Qxe5+ 42.Kg1 Qd4+
43.Kh2 Qd6+ 44.Kg1 Qg3 45.Rc4 Qe1+ 46.Kh2 Qg3+  1/2-1/2

[Event "Oslo GM Open"]
[Site "Oslo NOR"]
[Date "2011.10.04"]
[Round "4.26"]
[White "Briseid,H"]
[Black "Vaarala,E"]
[Result "0-1"]
[WhiteElo "2145"]
[BlackElo "2226"]

1.d4 Nf6 2.c4 g6 3.Nc3 d5 4.cxd5 Nxd5 5.e4 Nxc3 6.bxc3 Bg7 7.Bc4 c5 8.Ne2 O-O
9.Be3 Nc6 10.Rc1 Na5 11.Bd3 b6 12.h4 e5 13.dxc5 Qc7 14.cxb6 axb6 15.c4 Be6
16.Nc3 Nxc4 17.Bxc4 Qxc4 18.Bxb6 Bh6 19.Be3 Bxe3 20.fxe3 Rfc8 21.Kf2 Ra3
22.Nd5 Qxa2+ 23.Kg3 Rxc1 24.Qxc1 Bxd5 25.exd5 Rd3 26.h5 Qxd5 27.hxg6 hxg6
28.Qc8+ Qd8 29.Qxd8+ Rxd8 30.Kf3 Kg7 31.Ra1 Rd6 32.Ra7 Kf6 33.Rb7 Ke6 34.Ra7 f6
35.Ra2 Kf5 36.Ra5 Rd1 37.Rb5 Ra1 38.Rc5 Ra4 39.Rc2 g5 40.Rf2 g4+ 41.Kg3+ Kg5
42.Rb2 Ra3 43.Kf2 f5 44.g3 Kf6 45.Rb6+ Ke7 46.Rc6 Ra2+ 47.Kf1 Rd2 48.Ra6 Rd6
49.Ra7+ Ke6 50.Ra5 Rc6 51.Ke2 Rc2+ 52.Kf1 Kd6 53.Rb5 Rc5 54.Rxc5 Kxc5 55.Ke2 Kb5
56.Kd3 Kb4 57.Kd2 e4  0-1

[Event "Oslo GM Open"]
[Site "Oslo NOR"]
[Date "2011.10.04"]
[Round "4.1"]
[White "Ernst,S"]
[Black "Mikhalevski,V"]
[Result "1/2-1/2"]
[WhiteElo "2581"]
[BlackElo "2542"]

1.d4 Nf6 2.c4 g6 3.Nc3 d5 4.cxd5 Nxd5 5.e4 Nxc3 6.bxc3 Bg7 7.Nf3 c5 8.Rb1 O-O
9.Be2 b6 10.O-O Bb7 11.Qd3 Ba6 12.Qc2 cxd4 13.Bxa6 Nxa6 14.cxd4 Qd7 15.Bg5 Rac8
16.Qe2 Nc7 17.Rfc1 Ne6 18.Be3 Nxd4 19.Bxd4 Bxd4 20.Rd1 e5 21.Nxe5 Qa4 22.Nf3 Bg7
23.Rbc1 Bh6 24.Rxc8 Rxc8 25.g3 Bf8 26.Ne5 Rc2 27.Qf3 Qxa2 28.Rd5 Rc7 29.Ng4 Rc1+
30.Kg2 Qc4 31.Ne3 Qc8 32.Ng4 Qc4 33.Ne3 Qc8 34.Ng4  1/2-1/2

[Event "20th TCh-CRO 1a"]
[Site "Sibenik CRO"]
[Date "2011.10.05"]
[Round "2.4"]
[White "Cvitan,O"]
[Black "Bosiocic,Mari"]
[Result "1/2-1/2"]
[WhiteElo "2507"]
[BlackElo "2593"]

1.d4 Nf6 2.c4 g6 3.Nc3 d5 4.cxd5 Nxd5 5.e4 Nxc3 6.bxc3 Bg7 7.Bc4 c5 8.Ne2 Nc6
9.Be3 O-O 10.O-O Bg4 11.f3 Bd7 12.Rb1 Qc7 13.Bd3 Rad8 14.Qd2 Bc8 15.Rfc1 Qd6
16.d5 Ne5 17.c4 b6 18.Rb3 f5 19.Bf4 fxe4 20.Bxe4 e6 21.Bg3 exd5 22.Bxd5+ Be6
23.Rd3 Bxd5 24.Rxd5 Qe7 25.Nf4 Rde8 26.Nd3 Nxd3 27.Rxd3  1/2-1/2

[Event "20th TCh-CRO 1a"]
[Site "Sibenik CRO"]
[Date "2011.10.05"]
[Round "2.4"]
[White "Jovanic,O"]
[Black "Fercec,N"]
[Result "1/2-1/2"]
[WhiteElo "2491"]
[BlackElo "2456"]

1.d4 Nf6 2.c4 g6 3.Nc3 d5 4.cxd5 Nxd5 5.e4 Nxc3 6.bxc3 Bg7 7.Qa4+ Nd7 8.Nf3 O-O
9.Bg5 c5 10.Rc1 a6 11.Qa3 Qc7 12.Bd3 e6 13.h4 h6 14.Be3 b6 15.e5 Bb7 16.Qb3 Rac8
17.Qb1 Qd8 18.Rd1 cxd4 19.cxd4 Qe7 20.Rh3 Kh8 21.Be4 Bxe4 22.Qxe4 Qb4+ 23.Bd2 Qc4
24.Qb1 Qc2 25.a3 Qxb1 26.Rxb1 b5 27.Bb4 Rfe8 28.Nd2 Nb6 29.Ne4 Nc4 30.Rf3 Kg8
31.Bc5 Red8 32.a4 Bf8 33.axb5 Bxc5 34.dxc5 axb5  1/2-1/2

[Event "TCh-POL Ekstraliga"]
[Site "Katowice POL"]
[Date "2011.10.07"]
[Round "7.4"]
[White "Chojnacki,K"]
[Black "Zezulkin,J"]
[Result "1-0"]
[WhiteElo "2441"]
[BlackElo "2455"]

1.d4 Nf6 2.c4 g6 3.Nc3 d5 4.cxd5 Nxd5 5.e4 Nxc3 6.bxc3 Bg7 7.Bc4 c5 8.Ne2 Nc6
9.Be3 O-O 10.O-O Qc7 11.Rb1 Na5 12.Bd3 b6 13.Qd2 Rd8 14.Bh6 Bh8 15.Bf4 e5
16.Bg3 Qe7 17.d5 c4 18.Bc2 Nb7 19.f4 Bg4 20.Rbe1 Bxe2 21.Rxe2 Nd6 22.f5 Bg7
23.Rf3 Kh8 24.Bf2 Rg8 25.Rh3 gxf5 26.exf5 f6 27.Ree3 Bf8 28.Rh5 Nf7 29.Bh4 Bh6
30.Rh3 Ng5 31.Qe3 Nxh3+ 32.Qxh3 Bg5 33.Bxg5 Rxg5 34.Rxg5 fxg5 35.f6 Qf7 36.Qe6 Rf8
37.Qe7 Kg8 38.Bf5 Re8 39.Bxh7+ Kh8 40.Bc2  1-0

[Event "Mitropa Cup"]
[Site "Merlimont FRA"]
[Date "2011.10.08"]
[Round "1"]
[White "Bluebaum,M"]
[Black "Barbot,Pi1"]
[Result "1-0"]
[WhiteElo "2388"]
[BlackElo "2225"]

1.d4 Nf6 2.c4 g6 3.Nc3 d5 4.cxd5 Nxd5 5.e4 Nxc3 6.bxc3 Bg7 7.Bc4 c5 8.Ne2 Nc6
9.Be3 O-O 10.O-O Qc7 11.Rc1 Rd8 12.Bf4 Be5 13.Bxe5 Nxe5 14.Bb3 Ng4 15.Ng3 Qf4
16.Qe1 b6 17.h3 Nf6 18.e5 Nd5 19.Bxd5 Rxd5 20.c4 Rd8 21.d5 b5 22.Qa5 Bd7
23.Rfe1 Be8 24.cxb5 Rxd5 25.Qc7 Rd2 26.Ne4 Rxa2 27.Qxe7 Bxb5 28.Qb7 Re8 29.Qxb5 Rxe5
30.Qb1 Ra5 31.Qb8+ Kg7 32.Qb2 Kh6 33.g3 Qf5 34.Qd2+  1-0

[Event "12th Karpov Int"]
[Site "Poikovsky RUS"]
[Date "2011.10.08"]
[Round "5"]
[White "Bacrot,E"]
[Black "Caruana,F"]
[Result "1-0"]
[WhiteElo "2705"]
[BlackElo "2712"]

1.d4 Nf6 2.c4 g6 3.Nc3 d5 4.cxd5 Nxd5 5.e4 Nxc3 6.bxc3 Bg7 7.Bc4 c5 8.Ne2 Nc6
9.Be3 O-O 10.O-O Na5 11.Bd3 b6 12.Qd2 e5 13.Bh6 exd4 14.Bxg7 Kxg7 15.cxd4 cxd4
16.Rac1 Nb7 17.Bc4 Nc5 18.Bd5 Rb8 19.Qxd4+ Qf6 20.Qe3 Be6 21.Nc3 Rbd8 22.Rfd1 Rfe8
23.Rd4 Qe5 24.f4 Qf6 25.Rcd1 Bxd5 26.e5 Qf5 27.Nxd5 Ne6 28.R4d2 h5 29.Nc7 Nxc7
30.Rxd8 Rxd8 31.Rxd8 Qb1+ 32.Kf2 Ne6 33.Rd2 h4 34.h3 Qf5 35.g4 hxg3+ 36.Kxg3 b5
37.Re2 a5 38.Qe4 Qh5 39.Rf2 Nc5 40.Qd5 Ne6 41.Qe4 Nc5 42.Qc2 Ne6 43.f5 Nd4
44.f6+ Kg8 45.Qe4 Ne6 46.Rc2 Qg5+ 47.Kh2 b4 48.Rc8+ Kh7 49.Rc4 Kg8 50.Qa8+ Kh7
51.Qd5 Kg8 52.Rg4 Qh6 53.Qa8+ Kh7 54.Qe4 Qd2+ 55.Qg2 Qh6 56.Qc2 Qh5 57.Qe4 Ng5
58.Qe3 Ne6 59.Kg3 Kg8 60.Kg2 Kh7 61.Qe4 Kg8 62.Qe3 Qf5 63.Qe4 Qh5 64.Qa8+ Kh7
65.Qa7 Kg8 66.Qxa5 Ng5 67.Qd8+ Kh7 68.Qd3 Ne6 69.Qe3 Kg8 70.Rxb4 Qd1 71.Rb2 Qd5+
72.Kh2 g5 73.Rg2 Kh7 74.Rd2 Qa5 75.Qe4+ Kh6 76.Rc2 Qa3 77.h4 Kh5 78.Rg2  1-0

[Event "Continental Class Ch."]
[Site "Arlington USA"]
[Date "2011.10.09"]
[Round "7"]
[White "Chkartina,G"]
[Black "Velikanov,A"]
[Result "1-0"]
[WhiteElo "2082"]
[BlackElo "2118"]

1.d4 Nf6 2.c4 g6 3.Nc3 d5 4.cxd5 Nxd5 5.e4 Nxc3 6.bxc3 Bg7 7.Bc4 c5 8.Ne2 Nc6
9.Be3 O-O 10.O-O Qc7 11.Rc1 Rd8 12.Qa4 b6 13.Bd5 Bd7 14.Qa3 e6 15.Bxc6 Bxc6
16.f3 Bb5 17.c4 Be8 18.d5 exd5 19.exd5 Be5 20.f4 Bd6 21.Nc3 f5 22.Qb2 a6
23.g3 b5 24.Rce1 b4 25.Nb1 a5 26.Bc1 a4 27.a3 Bf8 28.Qe5 Rd6 29.Bb2 Bg7 30.Qxg7+ Qxg7
31.Bxg7 Kxg7 32.Re7+ Kf8 33.Rc7 Ra5 34.Re1 Rd7 35.Rc8 Re7 36.Rd1 Ra6 37.d6 Rd7
38.Re1 Raxd6 39.Rcxe8+ Kf7 40.Ra8 Re7  1-0

[Event "TCh-POL Ekstraliga"]
[Site "Katowice POL"]
[Date "2011.10.09"]
[Round "9"]
[White "Moranda,W"]
[Black "Krasenkow,M"]
[Result "0-1"]
[WhiteElo "2577"]
[BlackElo "2619"]

1.d4 Nf6 2.c4 g6 3.Nc3 d5 4.cxd5 Nxd5 5.e4 Nxc3 6.bxc3 Bg7 7.Bc4 c5 8.Ne2 O-O
9.O-O Nc6 10.Be3 e6 11.Qd2 b6 12.Rfd1 Bb7 13.Rac1 Rc8 14.Bh6 cxd4 15.Bxg7 Kxg7
16.cxd4 Qd6 17.Qb2 Kg8 18.Bb5 Ne7 19.f3 Rxc1 20.Rxc1 Rc8 21.Rxc8+ Bxc8 22.h3 Bd7
23.Kf2 Bxb5 24.Qxb5 Nc6 25.Qc4 Kf8 26.Qc3 Ke8 27.Ke3 Kd7 28.Qb3 Qb4 29.Qc3 Qb5
30.Kf2 Qa4 31.Qd2 Qc4 32.Qf4 e5 33.Qg4+ Kc7 34.d5 Nd4 35.Nxd4 Qxd4+ 36.Kg3 Qd2
37.Qh4 Qe1+ 38.Kg4 h5+ 39.Kg5 f6+  0-1

[Event "Oslo GM Open"]
[Site "Oslo NOR"]
[Date "2011.10.09"]
[Round "9.25"]
[White "Thingstad,E"]
[Black "Moor,R"]
[Result "1/2-1/2"]
[WhiteElo "2234"]
[BlackElo "2402"]

1.d4 Nf6 2.c4 g6 3.Nc3 d5 4.cxd5 Nxd5 5.e4 Nxc3 6.bxc3 Bg7 7.Nf3 c5 8.Rb1 O-O
9.Be2 Nc6 10.d5 Ne5 11.Nxe5 Bxe5 12.Rb3 c4 13.Bxc4 Qc7 14.Qe2 Rb8 15.Bd2 Bd7
16.h3 Ba4 17.Rb4 b5 18.Bxb5 Bxb5 19.Rxb5 Rxb5 20.Qxb5 Bxc3 21.Qd3 Bxd2+ 22.Qxd2 Qc4
23.f3 f5 24.Kf2 fxe4 25.Rc1 Qb5 26.Rc3 Rf5 27.Rc8+ Kf7 28.Qh6 Kf6 29.Rf8+ Ke5
30.Qg7+ Kxd5 31.Rd8+ Ke6 32.Qxh7 Qb6+ 33.Kf1 Qxd8 34.Qxg6+ Ke5 35.Qg7+ Kd5
36.Qg4 Re5 37.f4 Qf8 38.Qd7+ Kc4 39.Qa4+ Kd3 40.Qb3+ Kd2 41.Qb2+ Ke3 42.Qxe5 Qc8
43.Qb2 Qc4+ 44.Ke1 Kxf4 45.Qf2+ Ke5 46.Qxa7 Qc1+ 47.Ke2 Qc2+ 48.Ke1 Qc1+
49.Ke2  1/2-1/2

[Event "20th TCh-CRO 1b"]
[Site "Sibenik CRO"]
[Date "2011.10.09"]
[Round "6.5"]
[White "Glavas,D"]
[Black "Vlaic,B"]
[Result "1-0"]
[WhiteElo "2322"]
[BlackElo "2269"]

1.d4 Nf6 2.c4 g6 3.Nc3 d5 4.cxd5 Nxd5 5.e4 Nxc3 6.bxc3 Bg7 7.Be3 O-O 8.Qd2 c5
9.h3 b6 10.Nf3 Bb7 11.Bd3 cxd4 12.cxd4 Nc6 13.e5 Na5 14.O-O Rc8 15.Qe2 Qd5
16.Rac1 Kh8 17.Rfd1 f6 18.Rxc8 Rxc8 19.Nh4 f5 20.Ba6 Rd8 21.Bxb7 Qxb7 22.Nf3 h6
23.Rc1 b5 24.Rc5 Nc4 25.Nd2 Nxe3 26.Qxe3 Bf8 27.Qc3 e6 28.Rc7 b4 29.Qc1 Qa6
30.Qc2 Kg8 31.Nf3 Re8 32.Nh4 Qa5 33.Nxg6 b3 34.axb3 Qa1+ 35.Kh2 Qxd4 36.Qc6 Qd8
37.Rxa7 Qb8 38.Qd7  1-0

[Event "Continental Class Ch."]
[Site "Arlington USA"]
[Date "2011.10.10"]
[Round "8"]
[White "Denton,Bradley J"]
[Black "Defibaugh,J"]
[Result "1/2-1/2"]
[WhiteElo "2304"]
[BlackElo "2178"]

1.d4 Nf6 2.c4 g6 3.Nc3 d5 4.cxd5 Nxd5 5.e4 Nxc3 6.bxc3 Bg7 7.Nf3 c5 8.Rb1 O-O
9.Be2 b6 10.O-O Bb7 11.Qd3 Qc8 12.d5 c4 13.Qc2 e6 14.dxe6 Qxe6 15.Nd2 Qe5
16.Bxc4 Qxc3 17.Qxc3 Bxc3 18.Rb3 Bg7 19.Nf3 Nd7 20.Bd5 Nc5 21.Bxb7 Nxb7 22.Bb2 Rfc8
23.Bxg7 Kxg7 24.Rb2 Rc4 25.Nd2 Rc3 26.Nb3 Rd8 27.f3 Nc5 28.Nxc5 Rxc5 29.Kf2 Kf6
30.Re1 Ke6 31.Ree2 f6 32.Rb3 Rdc8 33.Rbb2 R8c6 34.Rbd2 b5 35.Re3 Rc2 36.Ke2 Rxd2+
37.Kxd2 Ra6 38.a3 Ra4 39.Rb3 a6 40.Ke3 Rc4 41.Kd2 f5 42.Rb4 Rc6 43.exf5+ Kxf5
44.Re4 h5 45.g3 Rc5 46.h4 Rc6 47.a4 bxa4 48.Rxa4 Ke6 49.g4 hxg4 50.fxg4 Kd5
51.h5 gxh5  1/2-1/2

[Event "Continental Class Ch."]
[Site "Arlington USA"]
[Date "2011.10.10"]
[Round "9"]
[White "Chkartina,G"]
[Black "Collier,P"]
[Result "1-0"]
[WhiteElo "2082"]
[BlackElo "1968"]

1.d4 Nf6 2.c4 g6 3.Nc3 d5 4.cxd5 Nxd5 5.e4 Nxc3 6.bxc3 Bg7 7.Bc4 c5 8.Ne2 Nc6
9.Be3 O-O 10.O-O Qc7 11.Rc1 Rd8 12.Qa4 e6 13.Rfd1 Bd7 14.Qa3 Na5 15.Bd3 c4
16.Bc2 b5 17.Rb1 Nc6 18.Qc1 Ne7 19.Bg5 Bc6 20.Qe3 Rd7 21.h4 Re8 22.Bh6 f5
23.Bxg7 Kxg7 24.Nf4 Ng8 25.exf5 Bd5 26.fxg6 hxg6 27.Qg3 Rf7 28.Qxg6+ Kf8
29.Nh5 Ree7 30.Qg3 Qc6 31.Bg6 Be4 32.Bxf7 Rxf7 33.Qb8+ Ke7 34.Rxb5 Bxg2 35.Qxa7+ Kd6
36.Qxf7 Qxb5 37.Kxg2 Qc6+ 38.Kg1  1-0

[Event "TCh-MNE 1st League"]
[Site "Tivat MNE"]
[Date "2011.10.11"]
[Round "4.4"]
[White "Pecurica,M"]
[Black "Draganic,V"]
[Result "1/2-1/2"]
[WhiteElo "2149"]
[BlackElo "2295"]

1.d4 Nf6 2.c4 g6 3.Nc3 d5 4.cxd5 Nxd5 5.e4 Nxc3 6.bxc3 Bg7 7.Nf3 c5 8.Rb1 O-O
9.Be2 cxd4 10.cxd4 Qa5+ 11.Bd2 Qxa2 12.O-O a5 13.Bg5 a4 14.Re1 h6 15.Bxe7 Re8
16.Ra1 Qb2 17.Rb1 Qa2 18.Ra1  1/2-1/2

[Event "Mitropa Cup"]
[Site "Merlimont FRA"]
[Date "2011.10.12"]
[Round "5"]
[White "Michalik,P"]
[Black "Petr,Ma"]
[Result "1-0"]
[WhiteElo "2511"]
[BlackElo "2526"]

1.d4 Nf6 2.c4 g6 3.Nc3 d5 4.cxd5 Nxd5 5.e4 Nxc3 6.bxc3 Bg7 7.Bc4 c5 8.Ne2 Nc6
9.Be3 O-O 10.O-O e6 11.Rc1 b6 12.Bb5 Bb7 13.dxc5 Qc7 14.Nd4 bxc5 15.Nb3 c4
16.Nc5 Ne5 17.Qe2 Rfc8 18.Rb1 Bc6 19.Ba6 Rd8 20.Rfd1 Rxd1+ 21.Rxd1 Qa5 22.f4 Nd3
23.Nxd3 Qxa6 24.Nb4 Qb7 25.Nxc6 Qxc6 26.Bd4 Qb5 27.Bxg7 Kxg7 28.Qe3 Qb6 29.Kf2 Rb8
30.Qxb6 Rxb6 31.Ke3 Rb2 32.Rd2 Rxd2 33.Kxd2 Kf6 34.g4 e5 35.g5+ Ke6 36.fxe5 Kxe5
37.Ke3 f5 38.gxf6 Kxf6 39.Kd4 g5 40.Kxc4 Ke5 41.Kd3 h5 42.Ke3 a5 43.a4 Ke6
44.c4 Kd6 45.Kf3 Ke6 46.c5 Ke5 47.Ke3 Ke6 48.Kd4 g4 49.Ke3 Ke5 50.Kf2 h4
51.Ke3 h3 52.Kf2  1-0